[Event "South Normanton 4NCL op 23rd"]
[Site "South Normanton"]
[Date "2019.10.06"]
[Round "4"]
[White "Vieira, Jose Pedro"]
[Black "Cast, Julian"]
[Result "1/2-1/2"]
[WhiteElo "1463"]
[BlackElo "1908"]
[PlyCount "67"]
[EventDate "2019.10.04"]
[EventType "swiss"]
[EventRounds "5"]
[EventCountry "ENG"]
[SourceTitle "CBM 192 Extra"]
[Source "Chessbase"]
[SourceDate "2019.11.06"]
[SourceVersion "1"]
[SourceVersionDate "2019.11.06"]
[SourceQuality "1"]

1. e4 d5 2. exd5 Qxd5 3. d4 Nf6 4. Nf3 Bg4 5. Be2 Nc6 6. c3 0-0-0 7. Qb3 Qh5 8. Bf4 Nd5 9. Bg3 e5 10. dxe5 Nxe5 11. Nbd2 Nxf3+ 12. Nxf3 Re8 13. 0-0-0 Rxe2 14. Rxd5 Qh6+ 15. Ng5 Be7 16. Qc4 Bxg5+ 17. Kb1 Bf4 18. Bxf4 Qb6 19. Rb5 Qc6 20. Rc5 Qe4+ 21. Qxe4 Rxe4 22. Rxc7+ Kd8 23. Bg3 Re7 24. Rc4 Bf5+ 25. Kc1 Re2 26. Rd4+ Ke7 27. Rd2 Rxd2 28. Kxd2 Rd8+ 29. Ke2 Bd3+ 30. Kf3 Bc4 31. Re1+ Kf6 32. b3 Bd5+ 33. Kg4 Be6+ 34. Kf3 1/2-1/2